Представление документа в формате RUSMARC

ПолеНазваниеЗначение
  Тип записи a
  Библиографический уровень a
001 Контрольный номер RU/УОНБ/EK_Kray/518801174
005 Дата корректировки 20240131005034.4
100 Данные общей обработки __
a Данные общей обработки 20160609d2016 ||| 0rusy0189 ca
101 Язык документа 0_
a Язык текста rus
102 Страна публикации __
a Страна публикации RU
105 Кодированные данные (монография) __
a Кодированные данные (монография) y###||||000|y
200 Заглавие и сведения об ответственности 1_
a Заглавие До следующего года, "важнейшее из всех искусств"!
f Первые сведения об ответственности Виктор Каменев
215 Физическое описание __
c Иллюстрации/тип воспроизводства 3 фот.
225 Серия 1_
a Серия Фестиваль
330 Аннотация __
a Аннотация 31 мая стал днем закрытия VIII Международного кинофестиваля имени Валентины Леонтьевой "От всей души".
461 Уровень набора _0
1 2000
a Ульяновск сегодня
1 011
463 Уровень физической единицы _0
1 001RU/УОНБ/EK_Kray/518797046
1 2000
a 3 июня
v С. 12
1 210
d 2016
607 Географические рубрики __
a Географическое наименование Ульяновск, город
610 Ключевые слова 0_
a Ключевые слова кинофестивали
610 Ключевые слова 0_
a Ключевые слова фестиваль "От всей души"
686 Индексы других классификаций __
a Классификационный индекс 85.37
2 Код системы rubbk
700 Автор _1
a Фамилия Каменев
b Имя (инициалы) В.
g Полное личное имя Виктор
4 Код отношения 070
701 Альтернативная интеллектуальная ответственность __
a Фамилия Морозова
b Имя (инициалы) И.
g Полное личное имя Ирина
4 Код отношения 070
801 Источник записи _0
a Страна RU
b Организация Ульяновская ОНБ
c Дата составления 20160609
g Правила каталогизации RCR
801 Источник записи _1
a Страна RU
b Организация Ульяновская ОНБ
c Дата составления 20160609
g Правила каталогизации RCR
901 Тип документа __
t Тип документа b
w Контрольный № источника RU/УОНБ/EK_Kray/518797046
909 Создатель записи __
a Создатель записи Забирова
938 Служебная информация __
a Имя БД kraeved_work
b Имя библиотеки УОНБ
c Имя АИБС МАРК-SQL
d Номер DOC_ID в БД 121691